000 00647nam a2200181Ia 4500
008 240729s9999 xx 000 0 und d
022 _a1868-4882
245 0 _aJournal of Current Southeast Asian Affairs
260 _aUnited Kingdom
260 _bSAGE Publishing
650 _a International relations | Political science
650 _a Political institutions and public administration - Asia (Asian studies only) | Social Sciences
650 _a Social sciences and state - Asia (Asian studies only)
650 _aPolitical science
856 _uhttps://doaj.org/toc/c8b29aaa9a0b411e9146b107825d1d13
942 _2ddc
942 _cDOAJEJ
999 _c68226
_d68226
945 _a1
_bMadushi Gamage
_c1
_dMadushi Gamage